| 000 | 00513nam a22001817a 4500 | ||
|---|---|---|---|
| 005 | 20251108171145.0 | ||
| 008 | 250721s1979 xx 000 0 ara d | ||
| 082 | 1 | 4 | _aط/910.09154/آرم |
| 100 | 1 | _aآرمسترونج، ب.ه. | |
| 245 | 1 | 0 | _aالصحاري / |
| 264 | 1 |
_aبيروت : _bمكتبة لبنان، _c1979. |
|
| 300 | _a51ص | ||
| 490 | 0 | _aكتب يبرد الرائدة | |
| 650 | 1 | 7 | _aالصحاري |
| 700 | 1 |
_aغالي، وجدي رزق _eترجمة |
|
| 942 |
_2ddc _cBK |
||
| 999 |
_c58039 _d58039 |
||